La prodigiosa isla de las damas (Record no. 78426)

MARC details
000 -LEADER
campo de control de longitud fija 00705nam a2200205 i 4500
001 - NÚMERO DE CONTROL
campo de control 78426
003 - IDENTIFICADOR DE NÚMERO DE CONTROL
campo de control ES-MaACL
005 - FECHA Y HORA DE LA ÚLTIMA TRANSACCIÓN
campo de control 20231218204913.0
007 - CAMPO FIJO DE DESCRIPCIÓN FÍSICA--INFORMACIÓN GENERAL
campo de control de longitud fija t|
008 - DATOS DE LONGITUD FIJA--INFORMACIÓN GENERAL
campo de control de longitud fija 041014s1925 sp |||| | spa d
100 1# - ENTRADA PRINCIPAL--NOMBRE DE PERSONA
Nombre de persona Hauptmann, Gerhart.
9 (RLIN) 62099
245 13 - MENCIÓN DEL TÍTULO
Título La prodigiosa isla de las damas
Resto del título : historia de un archipiélago imaginario /
Mención de responsabilidad, etc. Gerhart Hauptmann ; traducción del alemán por Margarita Nelken.
260 ## - PUBLICACIÓN, DISTRIBUCIÓN, ETC.
Lugar de publicación, distribución, etc. Madrid :
Nombre del editor, distribuidor, etc. [s.n.,
Fecha de publicación, distribución, etc. 1925] (
Fabricante Tip. Artística)
300 ## - DESCRIPCIÓN FÍSICA
Extensión 355 p. ;
Dimensiones 18 cm.
490 1# - MENCIÓN DE SERIE
Mención de serie Revista de Occidente
700 1# - ENTRADA AGREGADA--NOMBRE PERSONAL
Nombre de persona Nelken, Margarita,
Fechas asociadas al nombre 1894-1968
9 (RLIN) 85355
830 0# - PUNTO DE ACCESO ADICIONAL DE SERIE-TÍTULO UNIFORME
Título uniforme Revista de Occidente
9 (RLIN) 171942
852 ## - LOCALIZACIÓN
Ubicación ES-MaACL
Número de control de estantería F-13300
Holdings
Estatus retirado Estado de pérdida Estado de daño No para préstamo Biblioteca de origen Biblioteca actual Ubicación en estantería Fecha de adquisición Fuente de adquisición Total de préstamos Signatura topográfica completa Código de barras Visto por última vez Precio de reemplazo Tipo de ítem Koha
        Biblioteca del Ateneo de Madrid Biblioteca del Ateneo de Madrid Sala Pecera Planta 2 17/01/2008     F-13300 1082034 23/02/2023 23/02/2023 Libro impreso